Flamengo 2024 Squad - Statistics

General Stats
  • This quiz has been taken 190 times
  • The average score is 23 of 30
Answer Stats
# Position Player % Correct
14 MF De Arrascaeta
98%
9 FW Pedro
97%
1 GK Agustín Rossi
95%
99 FW Gabigol
94%
4 DF Léo Pereira
93%
8 MF © Gerson
92%
3 DF Léo Ortiz
92%
11 FW Everton
90%
5 MF Erick Pulgar
88%
23 DF David Luiz
87%
15 DF Fabrício Bruno
87%
7 FW Luiz Araújo
87%
6 DF Ayrton Lucas
86%
2 DF Guillermo Varela
86%
43 DF Wesley
86%
27 FW Bruno Henrique
81%
18 MF Nicolas De La Cruz
80%
25 GK Matheus Cunha
77%
45 FW Gonzalo Plata
72%
26 DF Alex Sandro
70%
Manager Filipe Luís
69%
30 FW Michael
68%
17 DF Matías Viña
66%
52 MF Evertton Araújo
63%
20 MF Matheus Gonçalves
59%
29 MF Allan
57%
37 MF Carlos Alcaraz
48%
19 MF Lorran
45%
33 DF Cleiton
44%
22 FW Carlinhos
38%
No matching quizzes found
Score Distribution
Percent of People with Each Score
Percentile by Number Answered
Your Score History
You have not taken this quiz